| 000 | 00578nam a22001937a 4500 | ||
|---|---|---|---|
| 005 | 20141027103236.0 | ||
| 010 | _aENG-111035 | ||
| 020 |
_c199.00 _a9789350099353 |
||
| 035 | _aEN-94567 | ||
| 037 | _bDBAD/PUB | ||
| 082 | _aN | ||
| 100 | _aUdayasankar, Krishna | ||
| 245 |
_aKaurava / _cby Krishna Udayasankar |
||
| 260 |
_aGurgaon _bHachette Book Publishing India _c2014 |
||
| 270 |
_bGurgaon _e122001 _a4th & 5th Floors, Corporate Centre, Plot No.94, Sector-44 |
||
| 300 |
_axvi,365p. _c20cm(pbk) |
||
| 490 | _aThe Aryavarta chronicles book 2 | ||
| 942 |
_2ddc _cEN _mUDA _hN |
||
| 999 |
_c89578 _d89578 |
||